000 00294nam a22001337a 4500
008 170824b xxu||||| |||| 00| 0 eng d
020 _a9780321133236
041 _aeng
080 _23RD
_a51
100 _a38
101 _aMAT
245 _aMATHEMATICAL REASONING
_cLONG,C.T
942 _2udc
_cBK
999 _c24944
_d24944